Szczegóły MARC21

Der blonde Eckbert ; Der Runenberg ; Die Elfen : Märchen /

003 -Nazwa inst., której nr kontr. jest w polu 001 [,]
    • @
    • Nazwa instytucji, której n kontrolny jest w polu 001
    • NUKAT
005 -DATA I CZAS OSTATNIEJ MODYFIKACJI [,]
    • @
    • pole kontrolne
    • 20241231085507.0
020 -Międzynarod. znormalizowany nr książki - ISBN [ , ]
    • a
    • Numer ISBN
    • 315007732X Find
040 -Instytucja sporządzająca opis [ , ]
    • a
    • Instytucja, która sporządziła opis (NP)
    • LUBL KUL/AGK
    • c
    • Instytucja, która sporządziła rekord (NP)
    • LUBL KUL/AGKs
    • d
    • Instytucja, która zmodyfikowała rekord (P)
    • LUBL KUL/NM
942 -Rodzaj dokumentu [ , ]
    • c
    • Rodzaj dokumentu
    • Książka
100 -Hasło główne - nazwa osobowa [1, ]
    • a
    • Nazwa osobowa (NP)
    • Tieck, Ludwig
    • d
    • Daty biograficzne (NP)
    • (1773-1853).
    • 9
    • KHW
    • 254769
240 -Tytuł ujednolicony [1,0]
    • a
    • Tytuł ujednolicony
    • Blonde Eckbert
    • l
    • Język tekstu
    • (niem.)
    • 9
    • KHW
    • 505371
245 -Strefa tytułu i oznaczenia odpowiedzialności [1,4]
    • a
    • Tytuł
    • Der blonde Eckbert ; Find
    • b
    • Ciąg dalszy tytułu (NP)
    • Der Runenberg ; Die Elfen : Märchen / Find
    • c
    • Pozostałe elementy strefy tytułu i oznaczenia odpowiedzialności (NP)
    • Ludwig Tieck ; mit einem Nachwort von Konrad Nussbächer.
260 -Strefa adresu wydawniczego [ , ]
    • a
    • Miejsce wydania (P)
    • Stuttgart :
    • b
    • Nazwa wydawcy (P)
    • Philipp Reclam Jun.,
    • c
    • Data wydania (P)
    • 1994.
300 -Strefa opisu fizycznego [ , ]
    • a
    • Określenie formy książki i/lub objętość (NP)
    • 79 s. ;
    • c
    • Format (NP)
    • 15 cm.
336 -Typ zawartości [ , ]
    • a
    • Termin opisujący typ zawartości
    • Tekst
    • b
    • Kod określający zawartość
    • txt
    • 2
    • Źródło (terminu i kodu)
    • rdacontent
337 -Typ mediów [ , ]
    • a
    • Tryb odtwarzania
    • Bez urządzenia pośredniczącego
    • b
    • Kod typu mediów
    • n
    • 2
    • Źródło (terminu i kodu)
    • rdamedia
338 -Typ/rodzaj nośnika [ , ]
    • a
    • Hasło opisujące typ nośnika
    • Wolumin
    • b
    • Kod typu nośnika
    • nc
    • 2
    • Źródło (terminu i kodu)
    • rdacarrier
490 -Strefa serii i książki wielotomowej - forma nie do wyszukiwania [1, ]
    • a
    • Tytuł (P)
    • Universal-Bibliothek ; Find
    • v
    • Numeracja (P)
    • Nr. 7732
830 -Hasło dodatkowe serii i opisu książki wielotomowej - tytuł ujednolicony/tytuł [ ,0]
    • a
    • Tytuł ujednolicony/tytuł (NP)
    • Reclams Universal-Bibliothek
    • x
    • ISSN
    • 0722-8511
    • v
    • Oznaczenie tomu (NP)
    • Bd. 7732
    • 9
    • KHW
    • 12680
080 -Uniwersalna Klasyfikacja Dziesiętna [ , ]
    • a
    • Symbol klasyfikacji
    • 830-31=30
655 -Hasło w funkcji tematu formalnego [ ,7]
    • a
    • Hasło
    • Baśnie niemieckie
    • y
    • Określnik chronologiczny
    • 19 w.
    • 2
    • Źródło terminu
    • kaba
    • 9
    • KHW
    • 469330
980 -Symbol UKD [ , ]
    • a
    • UKD
    • 830-31=30
700 -Hasło dodatkowe - nazwa osobowa [1,2]
    • a
    • Nazwa osobowa (NP)
    • Tieck, Ludwig Find
    • d
    • Daty biograficzne (NP)
    • (1773-1853).
    • t
    • Tytuł ujednolicony/tytuł (NP)
    • Runenberg Find
    • l
    • Język tekstu (NP)
    • (niem.)
    • 9
    • KHW
    • 505370
700 -Hasło dodatkowe - nazwa osobowa [1,2]
    • a
    • Nazwa osobowa (NP)
    • Tieck, Ludwig Find
    • d
    • Daty biograficzne (NP)
    • (1773-1853).
    • t
    • Tytuł ujednolicony/tytuł (NP)
    • Elfen Find
    • l
    • Język tekstu (NP)
    • (niem.)
    • 9
    • KHW
    • 469165
700 -Hasło dodatkowe - nazwa osobowa [1, ]
    • a
    • Nazwa osobowa (NP)
    • Nussbächer, Konrad. Find
    • e
    • Określenie rodzaju współpracy
    • Posł.
    • 9
    • KHW
    • 402153
710 -Hasło dodatkowe - nazwa ciała zbiorowego [2, ]
    • a
    • Nazwa ciała zbiorowego lub nazwa geograficzna jako pierwszy element (NP)
    • Philipp Reclam junior (Stuttgart).
    • 4
    • Kod relacji
    • pbl
    • 9
    • KHW
    • 51247
920 -ISBN [ , ]
    • a
    • ISBN
    • 3-15-007732-X Find
Data inwentaryzacji Sygnatura Status udost. Lokalizacja Numer inwentarzowy
1995-11-16 -6BMG.10557
1995-11-16Germ. Literatura niemiecka-3BMG.10553
1995-11-16Germ. Literatura niemiecka-3BMG.10552
1995-11-16Germ. Literatura niemiecka-3BMG.10550
1995-11-16Germ. Literatura niemiecka-3BMG.10551
1995-11-16Germ. Literatura niemiecka-3BMG.10554
1995-11-16Germ. Literatura niemiecka-3BMG.10555
1995-11-16Germ. Literatura niemiecka-3BMG.10548
1995-11-16Germ. Literatura niemiecka-3BMG.10549